Statistics for Guess the country by the hint

Click here to take the quiz!

General Stats

  • This quiz has been taken 16 times
  • The average score is 6 of 8

Answer Stats

HintAnswer% Correct
Below ItalyMalta
88%
Small thing bordering FranceMonaco
88%
Tiny place bordering SpainAndorra
81%
Besties with RussiaBelarus
81%
Inside ItalySan Marino
75%
Used to be apart of PakistanBangladesh
63%
Stupid vertical country next to MozambiqueMalawi
63%
Huge wealth divide and where all millionaires investing in crypto live in AsiaUnited Arab Emirates
38%

Score Distribution

Percentile by Number Answered

Percent of People with Each Score

Your Score History

You have not taken this quiz